000 01769nam a22003857a 4500
003 DO-SdBNP
005 20230905144848.0
006 a||||br|||| 00| 0
007 ta
008 230904t177 dr poc|| |||| 00| 0 spa d
040 _aDO-SdBNP
_bspa
_cBNPHU
_erda
082 4 _222
_bG887c
100 1 _aGrullón, Ernestina
_930644
_eautora
245 1 0 _aCiencias naturales ; ciencias sociales 2º curso:
_beducación primaria. /
_cErnestina Grullón, Luisa María Altagracia, Argentina Bajarán de Rodríguez, Germecinda Llaverías Colón, Celia Moyano... [y otros]
246 1 3 _aCiencias naturales 2º curso:
_beducación primaria.
246 1 3 _aCiencias sociales 2º curso:
_beducación primaria.
264 _aSanto Domingo :
_bEDYCA ,
_c1977
300 _a128 páginas :
_bIlustraciones, fotografías, retratos ;
_c25 cm.
336 _2rdacontent
_atexto
_btxt
337 _2rdamedia
_asin mediación
_bn
338 _2rdacarrier
_avolumen
_bnc
490 _aEducación Santillana
490 _aLibro del Alumno ;
_v2
505 _aCIENCIAS NATURALES.
_tUnidad 1. Los seres vivos.-- Unidad 2. La materia.— Unidad 3. Nuestro mundo.--
505 _aCIENCIAS SOCIALES.
_tUnidad 1. La vida en nuestra comunidad.-- Unidad 2. Nuestras relaciones con los demás.-- Unidad 3. Nuestro pasado y nuestro presente.--
590 _aInventariado 2023 / MF
650 4 _aCiencias naturales
_vLibro de texto
_984058
650 4 _aEducación fundamental
_vLibro de texto
_984059
700 1 _aLuisa María Altagracia,
_930645
_eautora
700 _aBajarán de Rodríguez, Argentina,
_983949
_eautora
700 1 _aLlaverías Colón, Germecinda,
_930647
_eautora
700 1 _aMoyano, Celia,
_930648
_eautora
700 1 _aSilvente, Ana,
_930649
_eautora
942 _2ddc
_cLBS1
999 _c54618
_d54618